| 000 | 00563nam a22001697a 4500 | ||
|---|---|---|---|
| 003 | MACL | ||
| 005 | 20160804153652.0 | ||
| 008 | 160804b xxu||||| |||| 00| 0 eng d | ||
| 040 | _cMACL | ||
| 041 | _aHindi | ||
| 082 | _a741.642 MAN | ||
| 100 |
_aमनु, प्रकाश _935742 |
||
| 245 |
_aमेरे प्रिय शिशुगीत _cप्रकाश मनु |
||
| 260 |
_aनई दिल्ली _bहिमाचल बुक सेंटर _c2015 |
||
| 650 |
_aचिल्ड्रन बुक _9159 |
||
| 942 |
_2ddc _cHIN |
||
| 999 |
_c55522 _d55522 |
||